Statistics for 2012 Formula One Drivers

Click here to take the quiz!

General Stats

  • This quiz has been taken 24 times
  • The average score is 20 of 24

Answer Stats

TeamCountryDriver% Correct
Toro RossoAustraliaDaniel Ricciardo
100%
FerrariBrazilFelipe Massa
100%
McLarenUnited KingdomJenson Button
100%
McLarenUnited KingdomLewis Hamilton
100%
MercedesGermanyMichael Schumacher
100%
MercedesGermanyNico Rosberg
100%
Red BullGermanySebastian Vettel
100%
FerrariSpainFernando Alonso
95%
LotusFinlandKimi Räikkönen
95%
Red BullAustraliaMark Webber
95%
SauberMexicoSergio Pérez
95%
Force IndiaGermanyNico Hülkenberg
91%
WilliamsVenezuelaPastor Maldonado
91%
LotusFranceRomain Grosjean
91%
SauberJapanKamui Kobayashi
86%
CaterhamFinlandHeikki Kovalainen
82%
WilliamsBrazilBruno Senna
77%
CaterhamRussiaVitaly Petrov
77%
HRTSpainPedro de la Rosa
68%
Force IndiaUnited KingdomPaul di Resta
64%
MarussiaGermanyTimo Glock
59%
Toro RossoFranceJean-Éric Vergne
55%
HRTIndiaNarain Karthikeyan
50%
MarussiaFranceCharles Pic
45%

Score Distribution

Percentile by Number Answered

Percent of People with Each Score

Your Score History

You have not taken this quiz